| 000 | 00478nam a2200181Ia 4500 | ||
|---|---|---|---|
| 005 | 20250423100547.0 | ||
| 008 | 250422s9999 xx 000 0 und d | ||
| 020 | _a9780205075911 | ||
| 050 | _aJF 60 .P44/ | ||
| 100 | _aPayne, Richard J. | ||
| 245 | 0 | _aPolitics and culture in the developing world | |
| 260 | _aBoston | ||
| 260 | _bLongman | ||
| 260 | _c2012 | ||
| 300 | _a297 p | ||
| 650 | _aGlobalization. Developing countries--Politics and government. | ||
| 942 | _cBK | ||
| 999 |
_c33678 _d33678 |
||